| 000 | 00504nam a2200181Ia 4500 | ||
|---|---|---|---|
| 999 |
_c14885 _d14885 |
||
| 003 | OSt | ||
| 005 | 20201113104338.0 | ||
| 008 | 190216s9999||||xx |||||||||||||| ||und|| | ||
| 020 | _a978160346162 | ||
| 040 | _coclc | ||
| 082 |
_a823.912 _bWEL/T |
||
| 100 |
_aWells, H G _93386 |
||
| 245 | 4 |
_aThe Time Machine / _cH G Wells |
|
| 260 |
_bHeinemann Educational Books Ltd, _c1978. _aLondon: |
||
| 300 | _a151p | ||
| 650 | _aNovel | ||
| 942 |
_cBK _2ddc _h823.912 _iWEL/T _k823.912 _mWEL/T |
||